[Event "Titled Tuesday intern op 25th Jun Early"]
[Site "Chess.com INT"]
[Date "2024.06.25"]
[Round "7"]
[White "Gulamirian, Korun"]
[Black "Bauml, Broderick Kenneth"]
[Result "0-1"]
[WhiteElo "1890"]
[BlackElo "2024"]
[PlyCount "90"]
[EventDate "2024.06.25"]
[EventType "swiss (blitz)"]
[EventRounds "11"]
[EventCountry "USA"]
[SourceTitle "EXT 2025"]
[Source "ChessBase"]
[SourceDate "2024.10.14"]
[SourceVersion "1"]
[SourceVersionDate "2024.10.14"]
[SourceQuality "1"]

1. d4 Nf6 2. c4 c5 3. Nf3 cxd4 4. Nxd4 Nc6 5. Nc3 g6 6. e4 d6 7. Be3 Ng4 8. Bg5 Qb6 9. Nce2 e5 10. h3 Nxf2 11. Kxf2 exd4 12. Kg3 Bg7 13. Kh2 Qxb2 14. Nf4 h6 15. Bh4 d3 16. Rb1 Qxa2 17. Nd5 0-0 18. Bxd3 Be5+ 19. Bg3 Bxg3+ 20. Kxg3 Ne5 21. Kh2 Be6 22. Rxb7 Bxd5 23. exd5 Rab8 24. Rxb8 Rxb8 25. Rf1 Rb2 26. Be4 Qxc4 27. Qa1 Ra2 28. Qb1 Kg7 29. Bf3 Qc2 30. Qxc2 Rxc2 31. Be4 Ra2 32. Rb1 a5 33. Rb6 Nc4 34. Rc6 Nd2 35. Bd3 Ra3 36. Bc2 Ra2 37. Bd3 Nf3+ 38. Kg3 Ne5 39. Rc3 a4 40. Be4 Rb2 41. Rc7 a3 42. Bf3 a2 43. Ra7 Nd3 44. Be4 Nc5 45. Bf3 Nb3 0-1

[Event "Titled Tuesday intern op 18th Jun Late"]
[Site "Chess.com INT"]
[Date "2024.06.18"]
[Round "10"]
[White "Bauml, Broderick Kenneth"]
[Black "Alekseev, Evgeny V"]
[Result "0-1"]
[WhiteElo "2024"]
[BlackElo "2550"]
[PlyCount "46"]
[EventDate "2024.06.18"]
[EventType "swiss (blitz)"]
[EventRounds "11"]
[EventCountry "USA"]
[SourceTitle "EXT 2025"]
[Source "ChessBase"]
[SourceDate "2024.10.14"]
[SourceVersion "1"]
[SourceVersionDate "2024.10.14"]
[SourceQuality "1"]

1. e4 c5 2. Nc3 e6 3. f4 Nc6 4. Nf3 a6 5. g3 d5 6. d3 d4 7. Ne2 f5 8. Bg2 Nf6 9. 0-0 Be7 10. Ne5 0-0 11. exf5 exf5 12. Nxc6 bxc6 13. Bxc6 Ra7 14. Kh1 Bd6 15. Ng1 Re7 16. Bf3 Ng4 17. Bxg4 fxg4 18. Qd2 Bb7+ 19. Nf3 Bxf3+ 20. Kg1 Re2 21. Rxf3 Rxd2 22. Rf2 Rd1+ 23. Kg2 Qa8+ 0-1

[Event "Titled Tuesday intern op 18th Jun Late"]
[Site "Chess.com INT"]
[Date "2024.06.18"]
[Round "6"]
[White "Bauml, Broderick Kenneth"]
[Black "Troff, Kayden W"]
[Result "1-0"]
[WhiteElo "2024"]
[BlackElo "2490"]
[PlyCount "41"]
[EventDate "2024.06.18"]
[EventType "swiss (blitz)"]
[EventRounds "11"]
[EventCountry "USA"]
[SourceTitle "EXT 2025"]
[Source "ChessBase"]
[SourceDate "2024.10.14"]
[SourceVersion "1"]
[SourceVersionDate "2024.10.14"]
[SourceQuality "1"]

1. e4 c5 2. Nc3 g6 3. d4 cxd4 4. Qxd4 Nf6 5. Nf3 Nc6 6. Qa4 d6 7. e5 dxe5 8. Nxe5 Bd7 9. Nxd7 Nxd7 10. Be3 Bg7 11. 0-0-0 Qc8 12. Nd5 Nb6 13. Bxb6 axb6 14. Qxa8 Nb8 15. Bb5+ Kf8 16. Nxb6 Bh6+ 17. Kb1 Qf5 18. Rd8+ Kg7 19. Rxh8 Qxb5 20. Qxb8 Bc1 21. Rxc1 1-0

[Event "Titled Tuesday intern op 19th Mar Late"]
[Site "Chess.com INT"]
[Date "2024.03.19"]
[Round "1"]
[White "Bauml, Broderick Kenneth"]
[Black "Gavrilin, Roman"]
[Result "0-1"]
[WhiteElo "2071"]
[BlackElo "2185"]
[PlyCount "86"]
[EventDate "2024.03.19"]
[EventType "swiss (blitz)"]
[EventRounds "11"]
[EventCountry "USA"]
[SourceTitle "EXT 2025"]
[Source "ChessBase"]
[SourceDate "2024.10.14"]
[SourceVersion "1"]
[SourceVersionDate "2024.10.14"]
[SourceQuality "1"]

1. e4 c5 2. Nc3 d6 3. f4 Nc6 4. Nf3 g6 5. Bc4 Bg7 6. 0-0 e6 7. d4 cxd4 8. Nb5 Nge7 9. Bb3 0-0 10. Nbxd4 Nxd4 11. Nxd4 Nc6 12. Be3 Bd7 13. Qd2 a6 14. Rad1 Rc8 15. c3 Na5 16. Rf3 Nc4 17. Bxc4 Rxc4 18. Rh3 b5 19. f5 exf5 20. exf5 Re8 21. Bh6 Be5 22. fxg6 hxg6 23. Rf1 Bxh3 24. Qf2 Bxd4 25. cxd4 Be6 26. h4 f5 27. h5 Kh7 28. Qf4 Qf6 29. hxg6+ Kxg6 30. Qg3+ Kxh6 31. Rf4 Rc1+ 32. Kf2 Qg5 33. Qe3 Kg6 34. Qxc1 Bd5 35. g3 Re4 36. Qc8 Rxf4+ 37. gxf4 Qxf4+ 38. Ke2 Qe4+ 39. Kd2 Qxd4+ 40. Ke2 Qc4+ 41. Qxc4 Bxc4+ 42. Ke3 Bxa2 43. Kd4 Bf7 0-1

[Event "Titled Tuesday intern op 19th Mar Late"]
[Site "Chess.com INT"]
[Date "2024.03.19"]
[Round "5"]
[White "Bauml, Broderick Kenneth"]
[Black "Jaskolka, Tomasz"]
[Result "0-1"]
[WhiteElo "2071"]
[BlackElo "2241"]
[PlyCount "80"]
[EventDate "2024.03.19"]
[EventType "swiss (blitz)"]
[EventRounds "11"]
[EventCountry "USA"]
[SourceTitle "EXT 2025"]
[Source "ChessBase"]
[SourceDate "2024.10.14"]
[SourceVersion "1"]
[SourceVersionDate "2024.10.14"]
[SourceQuality "1"]

1. e4 d5 2. exd5 Nf6 3. Bb5+ Nbd7 4. c4 a6 5. Bxd7+ Bxd7 6. Qe2 c6 7. dxc6 Bxc6 8. Nf3 e6 9. 0-0 Bc5 10. Ne5 Be4 11. d3 Bf5 12. Be3 Bd6 13. d4 Bxe5 14. dxe5 Bd3 15. Qf3 Bxf1 16. exf6 Bxc4 17. fxg7 Rg8 18. Nc3 Bd5 19. Qg3 Qf6 20. Bb6 Rxg7 21. Nxd5 exd5 22. Qe3+ Qe6 23. Qc3 Kf8 24. Bd4 Rg6 25. Re1 Qg4 26. g3 h5 27. Qc5+ Kg8 28. Qxd5 Rc8 29. Qe5 Kh7 30. f3 Qg5 31. Qe4 Rc1 32. f4 Rxe1+ 33. Qxe1 Qd5 34. Be5 Qxa2 35. Qb4 h4 36. Qf8 Rg8 37. Qe7 Qb1+ 38. Kg2 Qe4+ 39. Kh3 Qf5+ 40. Kxh4 Qg4# 0-1

[Event "Titled Tuesday intern op 19th Mar Late"]
[Site "Chess.com INT"]
[Date "2024.03.19"]
[Round "6"]
[White "Jimenez Salas, Maria Teresa"]
[Black "Bauml, Broderick Kenneth"]
[Result "1/2-1/2"]
[WhiteElo "1939"]
[BlackElo "2071"]
[PlyCount "141"]
[EventDate "2024.03.19"]
[EventType "swiss (blitz)"]
[EventRounds "11"]
[EventCountry "USA"]
[SourceTitle "EXT 2025"]
[Source "ChessBase"]
[SourceDate "2024.10.14"]
[SourceVersion "1"]
[SourceVersionDate "2024.10.14"]
[SourceQuality "1"]

1. e4 e5 2. Nf3 d5 3. exd5 e4 4. Nd4 Nf6 5. d3 Qxd5 6. dxe4 Nxe4 7. Bd3 Bc5 8. Bxe4 Qxe4+ 9. Qe2 Qxe2+ 10. Nxe2 0-0 11. 0-0 Be7 12. Bf4 Bf6 13. c3 c6 14. Nd2 Nd7 15. Ne4 Bd8 16. Nd6 Bb6 17. Ng3 Nf6 18. Nxc8 Raxc8 19. Rad1 Rcd8 20. Bd6 Rfe8 21. Nf5 g6 22. Nh6+ Kg7 23. Bf4 Rxd1 24. Rxd1 Ne4 25. Ng4 h5 26. Ne3 g5 27. Bg3 h4 28. Bd6 Bxe3 29. fxe3 Nxd6 30. Rxd6 Rxe3 31. Kf2 Re7 32. Rd8 Kg6 33. Kf3 f5 34. Rg8+ Rg7 35. Rd8 Kh5 36. Rh8+ Kg6 37. Rd8 Rh7 38. Rd6+ Kh5 39. Rf6 f4 40. h3 Re7 41. Rd6 Re3+ 42. Kf2 g4 43. hxg4+ Kxg4 44. Rd7 h3 45. Rg7+ Kf5 46. gxh3 Rxh3 47. Rxb7 Ke4 48. Rxa7 Rh2+ 49. Ke1 Rxb2 50. Re7+ Kd3 51. a4 Ra2 52. Ra7 Kxc3 53. a5 f3 54. a6 f2+ 55. Kf1 c5 56. Rc7 c4 57. a7 Kd3 58. Rd7+ Kc2 59. Rf7 Kc1 60. Rc7 Ra4 61. Rxc4+ Rxc4 62. a8Q Rc2 63. Qe4 Rd2 64. Qe3 Kc2 65. Qc5+ Kd1 66. Qc3 Rc2 67. Qd3+ Kc1 68. Qa3+ Kb1 69. Qb3+ Rb2 70. Qxb2+ Kxb2 71. Kxf2 1/2-1/2

[Event "Titled Tuesday intern op 19th Mar Late"]
[Site "Chess.com INT"]
[Date "2024.03.19"]
[Round "3"]
[White "Nunez Hirales, Juan Alejandro"]
[Black "Bauml, Broderick Kenneth"]
[Result "0-1"]
[WhiteElo "1955"]
[BlackElo "2071"]
[PlyCount "88"]
[EventDate "2024.03.19"]
[EventType "swiss (blitz)"]
[EventRounds "11"]
[EventCountry "USA"]
[SourceTitle "EXT 2025"]
[Source "ChessBase"]
[SourceDate "2024.10.14"]
[SourceVersion "1"]
[SourceVersionDate "2024.10.14"]
[SourceQuality "1"]

1. d4 Nf6 2. Nc3 d5 3. Bf4 c5 4. e3 cxd4 5. exd4 a6 6. Nf3 Nc6 7. h3 Bf5 8. Bd3 Bxd3 9. Qxd3 e6 10. 0-0 Bd6 11. Bg5 h6 12. Bh4 0-0 13. Rfe1 b5 14. Ne2 Rc8 15. c3 Na5 16. Ne5 Nc4 17. Nxc4 bxc4 18. Qf3 Be7 19. Rad1 Ne4 20. Bxe7 Qxe7 21. Nc1 f5 22. Qe2 Rc6 23. f3 Nf6 24. Qe5 Rb6 25. Rd2 Rfb8 26. b4 cxb3 27. axb3 Rc8 28. Rd3 Rbc6 29. Ne2 Qa3 30. Nc1 Nd7 31. Qe3 Nf8 32. c4 dxc4 33. bxc4 Qb4 34. c5 Rd8 35. Red1 Rc7 36. Ne2 Rcd7 37. Nf4 Kf7 38. Ne2 g5 39. Rb3 Qa4 40. Rdb1 Qc6 41. Rb6 Qd5 42. c6 Rc7 43. Rb7 Rdc8 44. Rxc7+ Rxc7 0-1

[Event "Titled Tuesday intern op 19th Mar Late"]
[Site "Chess.com INT"]
[Date "2024.03.19"]
[Round "11"]
[White "Winkels, Marcel"]
[Black "Bauml, Broderick Kenneth"]
[Result "0-1"]
[WhiteElo "1945"]
[BlackElo "2071"]
[PlyCount "100"]
[EventDate "2024.03.19"]
[EventType "swiss (blitz)"]
[EventRounds "11"]
[EventCountry "USA"]
[SourceTitle "EXT 2025"]
[Source "ChessBase"]
[SourceDate "2024.10.14"]
[SourceVersion "1"]
[SourceVersionDate "2024.10.14"]
[SourceQuality "1"]

1. e4 e5 2. Nf3 Nf6 3. Nxe5 Nc6 4. Nf3 Nxe4 5. d4 d5 6. Nc3 Bb4 7. Bd2 0-0 8. Bd3 Re8 9. 0-0 Bd6 10. Re1 Bf5 11. Be3 Ne7 12. Nd2 Nxc3 13. bxc3 Bxd3 14. cxd3 c6 15. Qf3 Qd7 16. Qh3 Qxh3 17. gxh3 Nf5 18. Nf3 Re6 19. Re2 Rae8 20. Rae1 Bf4 21. Ne5 Bxe5 22. dxe5 Rxe5 23. Kf1 g6 24. Bxa7 Rxe2 25. Rxe2 Rxe2 26. Kxe2 Kf8 27. Bc5+ Ke8 28. Kf3 h5 29. Kf4 f6 30. Bb6 Kd7 31. Bc5 Ke6 32. a4 g5+ 33. Kf3 Nd6 34. d4 Ne4 35. Bb4 Nd2+ 36. Ke3 Nf1+ 37. Kf3 h4 38. Ke2 Nxh2 39. Bc5 g4 40. hxg4 h3 41. f4 Nxg4 42. Kf3 h2 43. Kg2 Kf5 44. Bd6 Ke4 45. Bc7 f5 46. Bb8 Kd3 47. Ba7 Kxc3 48. a5 Ne3+ 49. Kxh2 Nc2 50. Bb6 Nxd4 0-1